Library Logo

Pioneer International University Library Catalogue

Missing persons / (Record no. 9209)

MARC details
000 -LEADER
fixed length control field 01424cam a2200373 a 4500
001 - CONTROL NUMBER
control field 13782696
003 - CONTROL NUMBER IDENTIFIER
control field OSt
005 - DATE AND TIME OF LATEST TRANSACTION
control field 20250901165802.0
008 - FIXED-LENGTH DATA ELEMENTS--GENERAL INFORMATION
fixed length control field 041116s2005 nyu 000 1 eng
010 ## - LIBRARY OF CONGRESS CONTROL NUMBER
LC control number 2004027172
020 ## - INTERNATIONAL STANDARD BOOK NUMBER
International Standard Book Number 0525948597 (alk. paper)
035 ## - SYSTEM CONTROL NUMBER
System control number (OCoLC)ocm57007923
040 ## - CATALOGING SOURCE
Original cataloging agency DLC
Transcribing agency DLC
Modifying agency YDX
-- VP@
-- OCL
-- BAKER
-- DLC
043 ## - GEOGRAPHIC AREA CODE
Geographic area code n-us-co
050 00 - LIBRARY OF CONGRESS CALL NUMBER
Classification number PS 3573 .H47477 M57 2005
Item number M57 2005
082 00 - DEWEY DECIMAL CLASSIFICATION NUMBER
Classification number 813/.54
Edition information 22
100 1# - MAIN ENTRY--PERSONAL NAME
Personal name White, Stephen,
Dates associated with a name 1951-
245 10 - TITLE STATEMENT
Title Missing persons /
Statement of responsibility, etc. Stephen White.
260 ## - PUBLICATION, DISTRIBUTION, ETC.
Place of publication, distribution, etc. New York :
Name of publisher, distributor, etc. Dutton,
Date of publication, distribution, etc. c2005.
300 ## - PHYSICAL DESCRIPTION
Extent 391 p. ;
Dimensions 24 cm.
650 #0 - SUBJECT ADDED ENTRY--TOPICAL TERM
Topical term or geographic name entry element Gregory, Alan (Fictitious character)
Form subdivision Fiction.
650 #0 - SUBJECT ADDED ENTRY--TOPICAL TERM
Topical term or geographic name entry element Psychotherapist and patient
Form subdivision Fiction.
650 #0 - SUBJECT ADDED ENTRY--TOPICAL TERM
Topical term or geographic name entry element Paranoid schizophrenics
Form subdivision Fiction.
650 #0 - SUBJECT ADDED ENTRY--TOPICAL TERM
Topical term or geographic name entry element Clinical psychologists
Form subdivision Fiction.
650 #0 - SUBJECT ADDED ENTRY--TOPICAL TERM
Topical term or geographic name entry element Missing persons
Form subdivision Fiction.
651 #0 - SUBJECT ADDED ENTRY--GEOGRAPHIC NAME
Geographic name Boulder (Colo.)
Form subdivision Fiction.
655 #7 - INDEX TERM--GENRE/FORM
Genre/form data or focus term Psychological fiction.
Source of term lcsh
655 #7 - INDEX TERM--GENRE/FORM
Genre/form data or focus term Mystery fiction.
Source of term gsafd
856 42 - ELECTRONIC LOCATION AND ACCESS
Materials specified Contributor biographical information
Uniform Resource Identifier <a href="http://www.loc.gov/catdir/enhancements/fy0719/2004027172-b.html">http://www.loc.gov/catdir/enhancements/fy0719/2004027172-b.html</a>
856 42 - ELECTRONIC LOCATION AND ACCESS
Materials specified Publisher description
Uniform Resource Identifier <a href="http://www.loc.gov/catdir/enhancements/fy0719/2004027172-d.html">http://www.loc.gov/catdir/enhancements/fy0719/2004027172-d.html</a>
906 ## - LOCAL DATA ELEMENT F, LDF (RLIN)
a 7
b cbc
c orignew
d 1
e ecip
f 20
g y-gencatlg
942 ## - ADDED ENTRY ELEMENTS (KOHA)
Source of classification or shelving scheme Library of Congress Classification
Koha item type Books
Holdings
Withdrawn status Lost status Source of classification or shelving scheme Damaged status Not for loan Home library Current library Shelving location Date acquired Total checkouts Full call number Barcode Date last seen Price effective from Koha item type
    Library of Congress Classification     Main Library Main Library   12/16/2024   PS 3573 .H47477 M57 2005 PIU0005117 12/16/2024 12/16/2024 Books